| 000 | 00533nam a2200181 4500 | ||
|---|---|---|---|
| 001 | 21611 | ||
| 005 | 20230410115607.0 | ||
| 008 | 060907n2004 dr spa | ||
| 020 | _a0881323616 | ||
| 035 | _9funglode21771 | ||
| 041 | _aEN | ||
| 050 | 1 | 4 | _aHF 1756 F853 2004 |
| 245 | 0 |
_aFree trade agreements : _bUS strategies and priorities / _cedited by Jefrey J. Schott |
|
| 260 |
_aWashington : _bInstitute For International Economics, _c2004 |
||
| 300 | _axiii, 450 p. | ||
| 700 | _aSchott, Jefrey J. | ||
| 942 |
_2lcc _cbk |
||
| 999 |
_c44296 _d44296 |
||